ბათუმის შოთა რუსთაველის სახელმწიფო უნივერსიტეტის ბიბლიოთეკა

მსხვილნაყოფა ციტრუსები გრეიფრუტი და პომპელმუსი (ბიბ.ჩანაწერი № 44563)

000 -LEADER
fixed length control field 00967nam a2200217Ia 4500
001 - CONTROL NUMBER
control field 11366
003 - CONTROL NUMBER IDENTIFIER
control field GE_BSU
008 - FIXED-LENGTH DATA ELEMENTS--GENERAL INFORMATION
fixed length control field 181216s||||||||xx |||||||||||||| ||und||
040 ## - CATALOGING SOURCE
Transcribing agency GE_BSU
080 ## - UNIVERSAL DECIMAL CLASSIFICATION NUMBER
Universal Decimal Classification number 634.323.5
100 ## - MAIN ENTRY--PERSONAL NAME
Personal name ქარაია რ.
245 ## - TITLE STATEMENT
Title მსხვილნაყოფა ციტრუსები გრეიფრუტი და პომპელმუსი
245 ## - TITLE STATEMENT
Statement of responsibility, etc. რედ: მერი კვაჭანტირაძე ნონა მიქაია, ბროლისა წულაია
260 ## - PUBLICATION, DISTRIBUTION, ETC.
Place of publication, distribution, etc. თბილისი.
260 ## - PUBLICATION, DISTRIBUTION, ETC.
Name of publisher, distributor, etc. საქ. მეცნ. ეროვნული აკადემია სტამბა
260 ## - PUBLICATION, DISTRIBUTION, ETC.
Date of publication, distribution, etc. 2011
300 ## - PHYSICAL DESCRIPTION
Extent 195გვ.20სმ.
300 ## - PHYSICAL DESCRIPTION
Accompanying material ილ. საძიებელი გვ. 95
653 ## - INDEX TERM--UNCONTROLLED
Uncontrolled term მსხვილნაყოფა ციტრუსები გრეიფრუტი და პომპელმუსი
942 ## - ADDED ENTRY ELEMENTS (KOHA)
Koha item type წიგნი
ეგზემპლარები
Withdrawn status Lost status Damaged status Not for loan Date acquired Barcode Date last seen Price effective from Koha item type
        2018-12-17 19653 2018-12-17 2018-12-17 წიგნი